Die Leibstandarte

Titel: Die Leibstandarte / Rudolf Lehmann
Verfasser: ;
Veröffentlicht: Selent : Edition Zeitgeschichte, [2022]
Umfang: 5 Bände ; 25 cm, Behältnis 26 x 24 x 18 cm
Format: Mehrteiliges Werk
Sprache: Deutsch
Schlagworte:
Bände: alle Bände anzeigen
ISBN: 9783942145541 ; 3942145545
Buchumschlag
X
alg: 50999940
001A    $06000:27-07-23 
001B    $03004:10-08-23 $t08:05:36.000 
001D    $06000:27-07-23 
001U    $0utf8 
001X    $00 
002@    $0Acx 
002C    $aText $btxt $2rdacontent 
002D    $aohne Hilfsmittel zu benutzen $bn $2rdamedia 
002E    $aBand $bnc $2rdacarrier 
003@    $0509999409 
004A    $A978-3-942145-54-1 $fFesteinband in Behältnis : EUR 148.00 (DE), EUR 148.00 (AT) 
004A    $03-942145-54-5 
004E/01 $0101543 $lBestellnummer 
004K    $09783942145541 
006C    $01333698224 $aOCoLC 
006G    $01284316912 
006U    $f20230324 
007A    $01284316912 $aDNB 
010@    $ager 
010E    $erda 
011@    $a2022 $b2022 $n[2022] 
021A    $aDie @Leibstandarte $hRudolf Lehmann 
028A    $BVerfasser $4aut $7124729134 $8Lehmann, Rudolf$Z1914-1983 [Tp1] $9111989671 
028C    $aTiemann $BVerfasser $dRalf $4aut 
033A    $pSelent $01065859716 $nEdition Zeitgeschichte 
034D    $a5 Bände 
034I    $a25 cm, Behältnis 26 x 24 x 18 cm 
037A    $aBand 4 und 5 von Rudolf Lehmann/Ralf Tiemann 
044K    $qDNB $RWaffen-SS $#Waffen-SS, Panzer-Division Leibstandarte Adolf Hitler $#Waffen-SS, Panzer-Division 1 $#Waffen-SS, 1. SS-Panzer-Division „Leibstandarte SS Adolf Hitler“ $74192801-5 $8Waffen-SS$bSS-Panzer-Division „Leibstandarte SS Adolf Hitler“$n1 [Tb1] $9085961760 
045E    $c940 $c943 
045F    $a940.54134300222 $eDDC22ger 
045F/01 $a940.5413 
045F/03 $f0222 
045F/03 $g43 
045R    $aGeschichte 
046C    $aDie @Leibstandarte SS Adolf Hitler $bAbweichender Titel 

lok: 50999940 24

exp: 50999940 24 1 #EPN
201B/01 $011-08-23 $t13:48:01.000 
201C/01 $010-08-23 
201U/01 $0utf8 
203@/01 $01240996853 
208@/01 $a10-08-23 $bda 
209B/01 $azur Fortsetzung bestellt (050) $x09 
220C/01 $ahae//K-schweitzer//10.08.23
LEADER 00000cam a22000002ca4500
001 509999409
003 DE-603
005 20230810080536.0
007 tu
008 230727s20222022xx |||| | u00||u|ger
016 7 |2 DE-101  |a 1284316912 
020 |a 9783942145541  |c Festeinband in Behältnis : EUR 148.00 (DE), EUR 148.00 (AT) 
020 |a 3942145545 
024 3 |a 9783942145541 
028 5 2 |a 101543 
035 |a (DE-599)DNB1284316912 
040 |a DE-603  |b ger  |c DE-603  |d DE-603  |e rda 
041 |a ger 
082 0 4 |8 1\u  |a 940.54134300222  |q DE-101  |2 22/ger 
084 |a 940  |a 943  |q DE-101  |2 sdnb 
085 |8 1\u  |b 940.5413 
085 |8 1\u  |z 1  |s 0222 
085 |8 1\u  |z 2  |s 43 
100 1 |a Lehmann, Rudolf  |d 1914-1983  |e Verfasser  |4 aut  |0 (DE-603)111989671  |0 (DE-588)124729134  |2 gnd 
245 0 0 |a ˜Dieœ Leibstandarte  |c Rudolf Lehmann 
246 1 |i Abweichender Titel  |a Die Leibstandarte SS Adolf Hitler 
264 1 |a Selent  |b Edition Zeitgeschichte  |c [2022] 
300 |a 5 Bände  |c 25 cm, Behältnis 26 x 24 x 18 cm 
336 |a Text  |b txt  |2 rdacontent 
337 |a ohne Hilfsmittel zu benutzen  |b n  |2 rdamedia 
338 |a Band  |b nc  |2 rdacarrier 
500 |a Band 4 und 5 von Rudolf Lehmann/Ralf Tiemann 
610 1 7 |a Waffen-SS  |b SS-Panzer-Division „Leibstandarte SS Adolf Hitler“  |n 1  |2 gnd  |0 (DE-588)4192801-5  |0 (DE-603)085961760 
648 7 |a Geschichte  |2 gnd 
700 1 |a Tiemann, Ralf  |e Verfasser  |4 aut 
924 0 |9 603  |a (DE-603)1240996853  |b DE-603  |c HES  |d d